|
|
|
|
| LEADER |
00937nam a2200241 u 4500 |
| 001 |
10097605 |
| 003 |
upatras |
| 005 |
20210204153718.0 |
| 008 |
120525s1961 us eng |
| 952 |
|
|
|0 0
|1 0
|2 ddc
|4 1
|6 813_540000000000000_URI
|7 0
|9 205494
|a LISP
|b LISP
|c BSC
|d 2016-09-21
|i 135128
|l 0
|o 813.54 URI
|p 025000192312
|r 2016-09-21 00:00:00
|t 1
|w 2016-09-21
|y BK15
|
| 999 |
|
|
|c 124974
|d 124974
|
| 040 |
|
|
|a GR-PaULI
|c GR-PaULI
|b gre
|
| 041 |
0 |
|
|a gre
|h eng
|
| 082 |
0 |
4 |
|a 813.54
|
| 100 |
1 |
|
|9 156920
|a Uris, Leon,
|d 1924-2003,
|e συγγραφέας.
|
| 240 |
|
|
|a Exodus
|
| 245 |
1 |
0 |
|a Έξοδος :
|b μυθιστόρημα /
|c Leon Uris ; μετάφραση Γιάννη Δυριώτη.
|
| 260 |
|
|
|a Αθήνα :
|b Δελφοί,
|c 1961.
|
| 300 |
|
|
|a 565 σ. ;
|c 25 εκ.
|
| 700 |
1 |
|
|9 3459
|a Δυριώτης, Γιάννης
|e μεταφραστής.
|
| 765 |
|
|
|i Μετάφραση του :
|t Exodus
|
| 942 |
|
|
|2 ddc
|c BK15
|
| 998 |
|
|
|c ΜΠΟΥΡΑΣ
|d 2016-09
|